| 000 | 00722nam a2200265Ia 4500 | ||
|---|---|---|---|
| 001 | 2007 | ||
| 005 | 20240113233524.0 | ||
| 007 | ta | ||
| 008 | 050218s1984 a g b000 u eng u | ||
| 020 | _cHB | ||
| 040 | _aCotton College,Assam | ||
| 041 | _aeng | ||
| 082 |
_a910.03 _bSt 31 We |
||
| 100 | _aStevenson, J . | ||
| 245 | 0 |
_aWebster`s New Geographical Dictionary / _cJ. Stevenson. _hTextual Documents |
|
| 250 | _a1st ed. / | ||
| 260 |
_aAmerica : _bMarriam - Webster , _c1984. |
||
| 300 |
_a1359p. : _bill ; _c23cm . |
||
| 653 | _aGeography-Dictionaries | ||
| 653 | _aDictionaries-Geography | ||
| 653 | _aReference-Dictionaries | ||
| 942 |
_2ddc _cBK |
||
| 999 |
_c2000 _d2000 |
||